000 00209nam a22000857a 4500
008 161121b xxu||||| |||| 00| 0 eng d
100 _91297
_aCBSE
245 _aDisaster Management-X
260 _aNew Delhi
_bCBSE
_c2010
999 _c4001
_d4001